Sistematización de experiencias: aportes desde el trabajo social en el fortalecimiento de alianzas territoriales para la construcción de la paz y consolidación de la democracia en el marco del postconflicto, desde el proyecto manos a la paz del programa de naciones unidas para el desarrollo pnud- en el municipio de acacias meta. / (Registro nro. 6003)

Detalles MARC
000 -LEADER
fixed length control field 02637nam a2200217 4500
001 - CONTROL NUMBER
control field 0000010742
005 - DATE AND TIME OF LATEST TRANSACTION
control field 20250329165510.0
008 - FIXED-LENGTH DATA ELEMENTS--GENERAL INFORMATION
fixed length control field 180403s2018 000 0 eng d
040 ## - CATALOGING SOURCE
Original cataloging agency CO-CtgCURN
Language of cataloging spa
Transcribing agency coctgcurn
082 0# - DEWEY DECIMAL CLASSIFICATION NUMBER
Classification number TSO 2018
Item number P393
100 1# - MAIN ENTRY--PERSONAL NAME
Personal name Peluffo Marrugo, Eithan David.
245 10 - TITLE STATEMENT
Title Sistematización de experiencias: aportes desde el trabajo social en el fortalecimiento de alianzas territoriales para la construcción de la paz y consolidación de la democracia en el marco del postconflicto, desde el proyecto manos a la paz del programa de naciones unidas para el desarrollo pnud- en el municipio de acacias meta. /
Statement of responsibility, etc. Eithan David Peluffo Marrugo; Director de trabajo de grado: Rocío M. González Navarro.
260 ## - PUBLICATION, DISTRIBUTION, ETC.
Place of publication, distribution, etc. Cartagena de Indias :
Name of publisher, distributor, etc. Corporación Universitaria Rafael Nuñez,
Date of publication, distribution, etc. 2018.
504 ## - BIBLIOGRAPHY, ETC. NOTE
Bibliography, etc. note Trabajo de grado (Trabajo Social). Corporación Universitaria Rafael Nuñez. Facultad de Ciencias sociales y humanas. Trabajo Social, 2018.
520 ## - SUMMARY, ETC.
Summary, etc. Colombia se encuentra en un proceso histórico e inimaginable, enfocados en los acuerdos de paz entre las Fuerzas Armadas Revolucionarias de Colombia- Ejército del Pueblo (FARC-EP) y el gobierno nacional que buscan una trasformación estructural en el país. Por esta razón, se han llevado a cabo Iniciativas que buscan potenciar las capacidades de construcción de paz en los territorios; el programa Manos a las paz, como una iniciativa de la Alta Consejería para el Posconflicto y el Programa de las Naciones Unidas para el Desarrollo en Colombia (PNUD), orientado a fortalecer las capacidades de construcción de paz en los territorios, vinculando estudiantes comprometidos con el desarrollo del país, aportando desde distintos ámbitos, tales como: la superación de pobreza y desarrollo económico, el desarrollo sostenible y medio ambiente, la gobernabilidad local, la convivencia y la reconciliación ð (Proyecto Manos a la paz, 2016).Esta iniciativa brinda la oportunidad a que Jóvenes Universitarios aprendan, conozcan y aporten a la construcción de la Paz en los territorios más azotados por el conflicto armado en Colombia, vinculando a Ciudadanos y Ciudadanas con el desarrollo del país.
650 #0 - SUBJECT ADDED ENTRY--TOPICAL TERM
Topical term or geographic name entry element Trabajo social
Form subdivision Tesis y disertaciones academicas.
700 1# - ADDED ENTRY--PERSONAL NAME
Personal name González Navarro, Rocío M.,
Relator term Director de trabajo de grado.
856 ## - ELECTRONIC LOCATION AND ACCESS
Uniform Resource Identifier <a href="https://unicurn.sharepoint.com/:b:/s/biblioteca/EbPQCJENCvdDpLntIfjwsV0BrX2TmVtDSZZSYP72A0FTmw?e=FAdUgl">https://unicurn.sharepoint.com/:b:/s/biblioteca/EbPQCJENCvdDpLntIfjwsV0BrX2TmVtDSZZSYP72A0FTmw?e=FAdUgl</a>
Public note Click aqui para ver el recurso en texto completo
942 ## - ADDED ENTRY ELEMENTS (KOHA)
Source of classification or shelving scheme Dewey Decimal Classification
Koha item type Trabajos de grado
Classification part TSO 2018
Item part P393
Existencias
Withdrawn status Lost status Source of classification or shelving scheme Damaged status Not for loan Collection Home library Current library Shelving location Date acquired Source of acquisition Cost, normal purchase price Inventory number Total checkouts Full call number Barcode Date last seen Copy number Price effective from Koha item type
    Dewey Decimal Classification     Trabajos de grado Miguel Henríquez Castañeda Miguel Henríquez Castañeda Trabajo de grado 03/29/2025 El autor 350000.00 017920   TSO 2018 P393 017920 10/26/2018 1 10/26/2018 Trabajos de grado